Southville International School and Colleges
Your cart is empty.
  • Cart
  • Lists
    Public lists Eva Luna New books Lux_list list_1
    Your lists Log in to create your own lists
  • Log in to your account
  • Your cookies
  • Search history
Southville International School and Colleges
  • Advanced search
  • Recent comments
  • Most popular
  • Libraries

Log in to your account

Log in with GOOGLE


If you do not have an external account, but do have a local account, you can still log in:

  1. Home
  2. MARC view: LogoLounge master library /
Normal view MARC view ISBD view

LogoLounge master library / (Record no. 15608)

[ view plain ]
MARC details
000 -LEADER
fixed length control field 01746cam a2200433 a 4500
001 - CONTROL NUMBER
control field 15800329
003 - CONTROL NUMBER IDENTIFIER
control field OSt
005 - DATE AND TIME OF LATEST TRANSACTION
control field 20140310182743.0
008 - FIXED-LENGTH DATA ELEMENTS--GENERAL INFORMATION
fixed length control field 090701s2010 maua c 001 0 eng
010 ## - LIBRARY OF CONGRESS CONTROL NUMBER
LC control number 2009027285
Canceled/invalid LC control number 2010001784
020 ## - INTERNATIONAL STANDARD BOOK NUMBER
International Standard Book Number 9781592535675 (v. 1)
020 ## - INTERNATIONAL STANDARD BOOK NUMBER
International Standard Book Number 1592535674 (v. 2)
020 ## - INTERNATIONAL STANDARD BOOK NUMBER
International Standard Book Number 9781592536122 (v. 2)
020 ## - INTERNATIONAL STANDARD BOOK NUMBER
International Standard Book Number 1592536123 (v. 2)
040 ## - CATALOGING SOURCE
Original cataloging agency DLC
Transcribing agency DLC
Modifying agency DLC
050 00 - LIBRARY OF CONGRESS CALL NUMBER
Classification number NC 1002.L63
Item number .F59 2010
082 00 - DEWEY DECIMAL CLASSIFICATION NUMBER
Classification number 741.6
-- 22
100 1# - MAIN ENTRY--PERSONAL NAME
Personal name Fishel, Catharine M.
245 10 - TITLE STATEMENT
Title LogoLounge master library /
Statement of responsibility, etc Catharine Fishel and Bill Gardner.
246 30 - VARYING FORM OF TITLE
Title proper/short title Logo Lounge master library
260 ## - PUBLICATION, DISTRIBUTION, ETC. (IMPRINT)
Place of publication, distribution, etc Beverly, Mass. :
Name of publisher, distributor, etc Rockport Publishers,
Date of publication, distribution, etc c2010-
300 ## - PHYSICAL DESCRIPTION
Extent v. <1-2> :
Other physical details ill. (chiefly col.) ;
Dimensions 23 cm.
500 ## - GENERAL NOTE
General note Includes indexes.
505 1# - FORMATTED CONTENTS NOTE
Formatted contents note v. 1. 3000 initial & crest logos -- v. 2. 3000 animal & mythology logos
521 ## - TARGET AUDIENCE NOTE
Target audience note
562 ## - COPY AND VERSION IDENTIFICATION NOTE
Number of copies For circulation. 1 copy available in the collection
650 #0 - SUBJECT ADDED ENTRY--TOPICAL TERM
Topical term or geographic name as entry element Logos (Symbols)
Form subdivision Catalogs.
650 #0 - SUBJECT ADDED ENTRY--TOPICAL TERM
Topical term or geographic name as entry element Corporate image
Form subdivision Catalogs.
700 1# - ADDED ENTRY--PERSONAL NAME
Personal name Gardner, Bill.
856 42 - ELECTRONIC LOCATION AND ACCESS
Materials specified Contributor biographical information
Uniform Resource Identifier <a href="http://www.loc.gov/catdir/enhancements/fy0913/2009027285-b.html">http://www.loc.gov/catdir/enhancements/fy0913/2009027285-b.html</a>
856 42 - ELECTRONIC LOCATION AND ACCESS
Materials specified Publisher description
Uniform Resource Identifier <a href="http://www.loc.gov/catdir/enhancements/fy0913/2009027285-d.html">http://www.loc.gov/catdir/enhancements/fy0913/2009027285-d.html</a>
906 ## - LOCAL DATA ELEMENT F, LDF (RLIN)
a 7
b cbc
c orignew
d 1
e ecip
f 20
g y-gencatlg
942 ## - ADDED ENTRY ELEMENTS (KOHA)
Source of classification or shelving scheme Library of Congress Classification
Koha item type Books
Call number prefix Foreign
Holdings
Withdrawn status Lost status Source of classification or shelving scheme Damaged status Home library Current library Shelving location Date acquired Source of acquisition Total Checkouts Total Renewals Full call number Barcode Date last seen Date checked out Copy number Price effective from Koha item type
    Library of Congress Classification   College Library College Library General Circulation Section 01/10/2014 Donation 2 4 NC 1002.L63 .F59 2010 vol.2 C13672 05/15/2018 08/03/2017 1 01/10/2014 Books
    Library of Congress Classification   College Library College Library General Circulation Section 01/10/2014 Donation 1 1 NC 1002.L63 .F59 2010 vol.1 C13673 05/15/2018 08/03/2017 2 01/10/2014 Books

LogoLounge master library /

APA

Fishel C. M., Gardner B., . (2010). LogoLounge master library. Beverly, Mass: Rockport Publishers.

Chicago

Fishel Catharine M, Gardner Bill, . 2010. LogoLounge master library. Beverly, Mass: Rockport Publishers.

Harvard

Fishel C. M., Gardner B., . (2010). LogoLounge master library. Beverly, Mass: Rockport Publishers.

MLA

Fishel Catharine M, Gardner Bill, . LogoLounge master library. Beverly, Mass: Rockport Publishers. 2010.

  • Place hold
  • Print
  • Cite
  • Add to your cart (remove)
  • Save record
    BIBTEX Dublin Core MARCXML MARC (non-Unicode/MARC-8) MARC (Unicode/UTF-8) MARC (Unicode/UTF-8, Standard) MODS (XML) RIS
  • More searches
    Search for this title in:
    Other Libraries (WorldCat) Other Databases (Google Scholar) Online Stores (Bookfinder.com) Open Library (openlibrary.org)

Exporting to Dublin Core...

SOUTHVILLE LIBRARY

Southville International School and Colleges Library

1281 Tropical Ave. Cor. Luxembourg St., BF Homes International, Las Pinas City

Tel. No. 8256374 / 252358 Loc. 117/146

Powered by Koha